Gaming Quiz

Random Gaming or Board Games Quiz

Licensed Board Games Quiz Stats

 Plays Quiz Updated Jun 2, 2015

Challenge
Share
Tweet
Score 0/20 Timer 08:00
8 Plays Today
% Correct
Garfield
96.3%
The Beatles Flip Your Wig Game
95.2%
The Amazing Spider-Man Game with The Fantastic Four!
95.1%
PAC-MAN Game
91.3%
Bugs Bunny's Hideout Game
90.8%
E.T.: The Extra-Terrestrial
90.5%
Snoopy, Come Home
89.1%
Star Wars: Escape From Death Star Game
88.1%
Walt Disney's Mary Poppins Carousel Game
87.7%
Walt Disney Productions' Robin Hood Game
85.8%
% Correct
Justice League of America Aquaman Game
83.3%
Super Mario Bros.
82.8%
Muppet Babies
80.2%
Transformers Adventure Game
79.9%
Harry Potter and the Sorcerer's Stone: Mystery at Hogwarts Game
79.6%
The Mad Magazine Game
76.5%
Jumanji
68.5%
Lord of the Rings
68%
A Christmas Story: The Board Game
64.9%
Huckleberry Hound Western Game
45.9%

You're not logged in!

Compare scores with friends on all Sporcle quizzes.
Join for Free
OR
Log In

You Might Also Like...

Show Comments

Extras

Top Quizzes Today


Score Distribution

Your Account Isn't Verified!

In order to create a playlist on Sporcle, you need to verify the email address you used during registration. Go to your Sporcle Settings to finish the process.

Report this User

Report this user for behavior that violates our Community Guidelines.

Details: